| 000 | 00668nam a22002055i 4500 | ||
|---|---|---|---|
| 001 | 153459 | ||
| 003 | ES-MaACL | ||
| 005 | 20230906205231.0 | ||
| 008 | 050823s1871 po | |||||||| ||por d | ||
| 080 | _a821.134.3-14"18" | ||
| 100 | 1 |
_aDias, J. Simões. _9126786 |
|
| 245 | 1 | 0 |
_aRuinas : _bcanções da nossa edade : poesia social / _cpor J. Simões Dias. |
| 260 |
_aElvas : _b[s.n.], _c1871 ( _fTyp. da Democracia) |
||
| 300 |
_a206 p. ; _c18 cm. |
||
| 490 | 1 |
_aObras de J. Simões Dias ; _v5 |
|
| 752 |
_aPortugal - _dElvas |
||
| 830 | 1 |
_aObras de J. Simões Dias ; _v5 _9187773 |
|
| 852 |
_aES-MaACL _jG-8563 _z- Enc. pasta española |
||
| 999 |
_c153459 _d153459 |
||